Ibn Taimiya`s Struggle Against Popular Religion. (Record no. 6554)
[ view plain ]
| 000 -LEADER | |
|---|---|
| fixed length control field | 00652nam a2200253 a 4500 |
| 020 ## - INTERNATIONAL STANDARD BOOK NUMBER | |
| ISBN | 9027914 |
| 082 00 - DEWEY DECIMAL CLASSIFICATION NUMBER | |
| Classification number | 297.4 |
| Author Cutter | MEM |
| 100 ## - MAIN ENTRY--AUTHOR NAME | |
| Author name | Memon, Muhammad Umar |
| 245 ## - TITLE STATEMENT | |
| Title | Ibn Taimiya`s Struggle Against Popular Religion. |
| 260 ## - PUBLICATION, DISTRIBUTION, ETC. (IMPRINT) | |
| Place of publication | Hague |
| Name of publisher | Mouton Publisher |
| Year of publication | 1976 |
| 300 ## - PHYSICAL DESCRIPTION | |
| Number of Pages | 423p |
| 500 ## - GENERAL NOTE | |
| General note | includes index and biblioraphy |
| 505 2# - FORMATTED CONTENTS NOTE | |
| Formatted contents note | Biblio, Glossary, Index |
| 650 ## - SUBJECT ADDED ENTRY--TOPICAL TERM | |
| Topical Term | Sufism |
| 650 ## - SUBJECT ADDED ENTRY--TOPICAL TERM | |
| Topical Term | Ibn-Taimiyah |
| 942 ## - ADDED ENTRY ELEMENTS (KOHA) | |
| Koha item type | Books |
| 700 1# - | |
| -- | Memon, Muhammad Umar |
| Home library | Current library | Date acquired | Cost, normal purchase price | Full call number | Accession Number | Koha item type |
|---|---|---|---|---|---|---|
| Henry Martyn Institute Library | Henry Martyn Institute Library | 09/18/2007 | 817.00 | 297.4 MEM | 010708 | E-Books |
